000
00247nam a22000857a 4500
008
161017b xxu||||| |||| 00| 0 eng d
100
_9
863
_a
Olympiad
245
_a
Olympiad Excellence Guide (Mathematics-8)
260
_a
New Delhi
_b
3.Genx Publications
_c
2016
999
_c
3516
_d
3516